Statistiques concernant Culture Générale - Série 1281

Cliquez ici pour prendre le quiz!

Statistiques générales

  • Ce quiz a été pris 36 fois
  • Le résultat moyen est 7 sur 10

Statistiques - réponses

Question Réponse % Correct
Quel chapeau doit son nom au mot espagnol signifiant « ombre » ?sombrero
100%
Quel nom de ville portuaire africaine signifie « maison blanche » en espagnol ?Casablanca
91%
Quel pays se trouve enclavé à l'intérieur de l'Italie ?Saint-Marin
88%
Quel est le premier pays que rencontrerait un navigateur faisant voile plein sud depuis le Portugal ?Maroc
85%
Quelle capitale européenne propose de visiter ses catacombes où reposent 6 millions de squelettes humains ?Paris
85%
Quel nom a remplacé celui de Leningrad suite au référendum de 1991 approuvé par 55 % des suffrages ?Saint-Pétersbourg
82%
Quel chiffre est considéré comme particulièrement néfaste dans les cultures chinoises, coréennes et japonaises ?quatre
65%
Quel fleuve africain se jette dans les chutes Victoria ?Zambèze
56%
Quel jardin public se trouve à l'extrémité de l'avenue des Champs-Élysées ?jardin des Tuileries
41%
Quel est le point culminant des Vosges ?Le Grand Ballon
21%

Distribution des résultats

Percentile par nombre de réponses

% des personnes avec chaque résultat

Votre développement - résultats

Vous n’avez pas pris ce quiz